000 00792nam a2200241 a 4500
001 13007
003 BD-JhCC
005 20230613101615.0
008 230613s20181985bg |||| |a|| 000 0 ben d
020 _a97898470669197
035 _a(BD-JhCC)13007
040 _aBD-JhCC
_dBD-JhCC
041 _aben
082 _a891.44
_bGAN 2018
100 _aগঙ্গোপাধ্যায়, সুনীল
245 _aমিশর রহস্য /
_cসুনীল গঙ্গোপাধ্যায়
260 _aকলকাতা :
_bআনন্দ,
_c২০১৮.
300 _a১৪৩ পৃ. :
_c১৮ সেমি.
490 _aসন্ত কাকাবাবু সিরিজ
650 _aBengali Adventure fiction
942 _2ddc
_cBK
_021
999 _c13007
_d13007